Transparentnosť poistného trhu na Slovensku v kontexte legislatívy, upravujúcej jeho fungovanie

Popis transparentnosti poistného trhu z pohľadu legislatívnych noriem na Slovensku, ktoré upravujú jeho fungovanie.

Gespeichert in:
Bibliographische Detailangaben
1. Verfasser: Baláž, Peter
Format: Buchkapitel
Sprache:Slowakisch
Schlagworte:
Tags: Tag hinzufügen
Keine Tags, Fügen Sie das erste Tag hinzu!

MARC

LEADER 00000nla a2200000 4500
001 0186316
005 20240502073200.8
041 0 |a slo 
044 |a SK 
245 1 0 |a Transparentnosť poistného trhu na Slovensku v kontexte legislatívy, upravujúcej jeho fungovanie  |c Peter Baláž 
520 |a Popis transparentnosti poistného trhu z pohľadu legislatívnych noriem na Slovensku, ktoré upravujú jeho fungovanie. 
610 2 0 |a Slovensko 
610 2 0 |a transparentnosť 
610 2 0 |a legislatíva 
610 2 0 |a poisťovníctvo 
610 2 0 |a trh poistný 
100 1 |a Baláž, Peter